Automation arrives on site (Record no. 7904)

MARC details
000 -LEADER
fixed length control field 00828cab a2200205 4500
001 - CONTROL NUMBER
control field ABS38780
008 - FIXED-LENGTH DATA ELEMENTS--GENERAL INFORMATION
fixed length control field 090401t1988 xxu||||| |||| 00| 0 eng d
035 ## - SYSTEM CONTROL NUMBER
System control number (Sirsi) u12364
041 ## - LANGUAGE CODE
Language code of text/sound track or separate title eng
100 ## - MAIN ENTRY--PERSONAL NAME
Personal name Johnstone, R.
245 ## - TITLE STATEMENT
Title Automation arrives on site
260 ## - PUBLICATION, DISTRIBUTION, ETC.
Date of publication, distribution, etc. 1988
350 ## - PRICE (NR) (BK AM CF MU VM SE) [OBSOLETE]
Price 0
490 ## - SERIES STATEMENT
Series statement Building Today
Volume/sequential designation 195(5739) 21 January 1988, 23-25(3)
520 ## - SUMMARY, ETC.
Summary, etc. Describes the use of robots in the Japan ese construction industry . The five major construction companies, Shimizu, Taisei, Ohbayashi, Kajima and Takenaka Komuten have developed robots to carry out a wide range of tasks on site, including positioning of steel beams, distributing concrete, finishing slabs, painting and inspection.
650 ## - SUBJECT ADDED ENTRY--TOPICAL TERM
Topical term or geographic name entry element ROBOTICS
690 ## - LOCAL SUBJECT ADDED ENTRY--TOPICAL TERM (OCLC, RLIN)
Topical term or geographic name as entry element BUILDING AND CONSTRUCTION-OVERSEAS
942 ## - ADDED ENTRY ELEMENTS (KOHA)
Suppress in OPAC 0
948 ## - LOCAL PROCESSING INFORMATION (OCLC); SERIES PART DESIGNATOR (RLIN)
c (OCLC) 04/03/1997
Holdings
Withdrawn status Lost status Source of classification or shelving scheme Damaged status Not for loan Home library Current library Shelving location Date acquired Total Checkouts Full call number Barcode Date last seen Copy number Price effective from Koha item type
    Dewey Decimal Classification     London London Journal article 14/09/1999   ABS38780 12364-1001 06/08/2019 1 06/08/2019 Journal article